Vplyv Industry 4.0 na riadenie dodávateľského reťazca
Význam SCM pre podnik. Štvrtá priemyselná revolúcia. Inovácie a možnosti, ktoré Industry 4.0 prináša do logistiky a riadenia dodávateľského reťazca.
Gespeichert in:
| 1. Verfasser: | |
|---|---|
| Format: | Buchkapitel |
| Sprache: | Slowakisch |
| Schlagworte: | |
| Tags: |
Keine Tags, Fügen Sie das erste Tag hinzu!
|
MARC
| LEADER | 00000nla a2200000 4500 | ||
|---|---|---|---|
| 001 | 0237816 | ||
| 005 | 20240502073839.6 | ||
| 041 | 0 | |a slo | |
| 044 | |a SK | ||
| 245 | 1 | 0 | |a Vplyv Industry 4.0 na riadenie dodávateľského reťazca |c Barbora Gontkovičová |
| 520 | |a Význam SCM pre podnik. Štvrtá priemyselná revolúcia. Inovácie a možnosti, ktoré Industry 4.0 prináša do logistiky a riadenia dodávateľského reťazca. | ||
| 610 | 2 | 0 | |a riadenie vzťahov s dodávateľmi |
| 610 | 2 | 0 | |a dodávatelia |
| 610 | 2 | 0 | |a odberatelia |
| 610 | 2 | 0 | |a reťazce dodávateľsko-odberateľské |
| 610 | 2 | 0 | |a digitalizácia |
| 610 | 2 | 0 | |a technológie nové |
| 610 | 2 | 0 | |a technológie informačné |
| 100 | 1 | |a Gontkovičová, Barbora, 1986- | |